• 首页
  • 本馆介绍
  • 公告通知
  • 最新文献
  • 馆藏检索
  • 电子资源
  • 读者导购
  • 参考咨询
  • 我的图书馆
  • 登录
  • 详细信息显示
  • 放入我的书架
  • 预约/预借图书
  • 作者相关作品
  • 分类相关作品
  • 丛书相关作品
  • 出版社相关作品

书目信息

  • 表格格式
  • 工作单格式
  • 卡片格式
题名:
视唱与钢琴即兴伴奏教程
    
 
作者: 辛笛 , 沈真瑱 编著
分册:  
出版信息: 上海   上海音乐出版社  2013
页数: 394页
开本: 31cm
丛书名:
单 册:
中图分类: J613.1 , J624.16
科图分类:
主题词: 视唱练耳--教材 , 钢琴--伴奏--教材
电子资源:
ISBN: 978-7-80751-554-8
000 01030nam0 2200277 450
001 339824
005 20150608154831.68
010    @a978-7-80751-554-8@dCNY78.00
100    @a20100603d2010 em y0chiy50 ea
101 0  @achi
102    @aCN@b310000
105    @ag z 000yy
106    @ar
200 1  @a视唱与钢琴即兴伴奏教程@Ashi chang yu gang qin ji xing ban zou jiao cheng@d= Sight-reading and improvisational piano-accompaniment tutorial@f辛笛, 沈真瑱编著@zeng
210    @a上海@c上海音乐出版社@d2013
215    @a394页@d31cm
330    @a本书集视唱练耳、基本乐理知识、键盘和声、钢琴即兴伴奏于一体, 内容包括C自然大调视唱、a小调视唱、C宫调系统汉族调试、一个降号调视唱等。
510 1  @aSight-reading and improvisational piano-accompaniment tutorial@zeng
606 0  @a视唱练耳@j教材
606 0  @a钢琴@x伴奏@j教材
690    @aJ613.1@v5
690    @aJ624.16@v5
701  0 @a辛笛@Axin di@c(音乐)@4编著
701  0 @a沈真瑱@Ashen zhen tian@c(女)@4编著
801  0 @aCN@b卓展宏图@c20150525
905    @dJ613.1@e658@f3
    
    视唱与钢琴即兴伴奏教程= Sight-reading and improvisational piano-accompaniment tutorial/辛笛, 沈真瑱编著.-上海:上海音乐出版社,2013
    394页;31cm
    
    
    ISBN 978-7-80751-554-8:CNY78.00
    本书集视唱练耳、基本乐理知识、键盘和声、钢琴即兴伴奏于一体, 内容包括C自然大调视唱、a小调视唱、C宫调系统汉族调试、一个降号调视唱等。
●
相关链接 在E读中查询图书 在五车中查询图书 在当当中查询图书 在豆瓣中查询图书


正题名:视唱与钢琴即兴伴奏教程     索取号:J613.1/658         预约/预借

序号 登录号 条形码 馆藏地/架位号 状态 备注
1 864181   208641816   第一样本阅览室/ [索取号:J613.1/658] 在馆    
2 864182   208641825   音乐系资料室/ [索取号:J613.1/658] 在馆    
3 864183   208641834   第一借阅区/ [索取号:J613.1/658] 在馆    
唐山师范学院图书馆 欢迎您!
大连网信软件有限公司© 版权所有